Normal view MARC view

Entry Nombre personal

Number of records used in: 2

001 - NÚMERO DE CONTROL

  • campo de control: 166645

003 - IDENTIFICADOR DE NÚMERO DE CONTROL

  • campo de control: SpMaBN

005 - FECHA Y HORA DE LA ÚLTIMA TRANSACCIÓN

  • campo de control: 20250826015756.0

008 - ELEMENTOS DE DATO DE LONGITUD-FIJA

  • campo de control de longitud fija: 080721n|#azznnaabn |n aac ##

024 7# - IDENTIFICADOR DE OTROS ESTÁNDARES

  • Número estándar o código: http://www.wikidata.org/entity/Q1063413
  • Fuente: wikidata

024 7# - IDENTIFICADOR DE OTROS ESTÁNDARES

  • Número estándar o código: http://viaf.org/viaf/64051936/
  • Fuente: viaf

024 7# - IDENTIFICADOR DE OTROS ESTÁNDARES

  • Número estándar o código: https://isni.org/isni/0000000123209083
  • Fuente: isni

040 ## - FUENTE DE CATALOGACIÓN

  • Centro catalogador/agencia de origen: SpMaBN
  • Lengua de catalogación: spa
  • Centro/agencia transcriptor: SpMaBN
  • Normas de descripción: rdc
  • Convención/Normas de encabezamiento de materia/tesauro: embne

046 ## - FECHAS CON CODIFICACIÓN ESPECIAL

  • Fecha de nacimiento: 1736
  • Fecha de la muerte: 1798

100 1# - ENCABEZAMIENTO-NOMBRE DE PERSONA

  • Nombre de persona: Panckoucke, Charles-Joseph,
  • Fechas asociadas al nombre: 1736-1798

400 1# - TRAZADO DE VÉASE--NOMBRE DE PERSONA

  • Nombre de persona: Panckoucke, Charles Joseph,
  • Fechas asociadas al nombre: 1736-1798

670 ## - FUENTE DE DATOS ENCONTRADOS

  • Cita de la fuente: WWW CERL, 10-04-2016
  • Información encontrada: cni00045674 (Panckoucke, Charles Joseph, 1736-1798)

670 ## - FUENTE DE DATOS ENCONTRADOS

  • Cita de la fuente: WWW VIAF, 10-04-2016
  • Información encontrada: (Panckoucke, Charles Joseph, 1736-1798)

670 ## - FUENTE DE DATOS ENCONTRADOS

  • Cita de la fuente: WWW BNF, 10-04-2016
  • Información encontrada: (Panckoucke, Charles-Joseph, 1736-1798)

670 ## - FUENTE DE DATOS ENCONTRADOS

  • Cita de la fuente: WWW DNB, 10-04-2016
  • Información encontrada: (Panckoucke, Charles Joseph)

678 ## - DATOS BIOGRÁFICOS O HISTÓRICOS

  • Datos biográficos o históricos: Lille (Francia); París (Francia). Impresor y librero francés, que trabajó en Lille entre 1757-1764 y en París entre 1762-1798